<?xml version="1.0" encoding="UTF-8"?>
<collection xmlns="http://www.loc.gov/MARC21/slim">
 <record>
  <leader>09395nas a22010211  4500</leader>
  <controlfield tag="001">1/50116</controlfield>
  <controlfield tag="008">021021c18869999mauqr1p       0   a0eng d</controlfield>
  <datafield tag="022" ind1=" " ind2=" ">
   <subfield code="a">0033-5533</subfield>
  </datafield>
  <datafield tag="035" ind1=" " ind2=" ">
   <subfield code="l">2926</subfield>
  </datafield>
  <datafield tag="040" ind1=" " ind2=" ">
   <subfield code="a">DLC</subfield>
   <subfield code="b">GR-PeUP</subfield>
  </datafield>
  <datafield tag="090" ind1=" " ind2=" ">
   <subfield code="a">Αλφαβητική σειρά</subfield>
  </datafield>
  <datafield tag="245" ind1="0" ind2="4">
   <subfield code="a">The Quarterly journal of economics</subfield>
  </datafield>
  <datafield tag="260" ind1=" " ind2=" ">
   <subfield code="a">Gambridge :</subfield>
   <subfield code="b">Harvard University,</subfield>
   <subfield code="c">[1886]-</subfield>
  </datafield>
  <datafield tag="300" ind1=" " ind2=" ">
   <subfield code="a">v. ;</subfield>
   <subfield code="c">23 cm.</subfield>
  </datafield>
  <datafield tag="310" ind1=" " ind2=" ">
   <subfield code="a">Quarterly</subfield>
  </datafield>
  <datafield tag="362" ind1="0" ind2=" ">
   <subfield code="a">Vol.XC, no.358(Feb.1976)-v.C, no.403(Nov. 1985)</subfield>
  </datafield>
  <datafield tag="362" ind1="0" ind2=" ">
   <subfield code="a">Vol.CVII, no.428(Feb.1981)-v.CXIV, no.459(Dec. 1999)</subfield>
  </datafield>
  <datafield tag="546" ind1=" " ind2=" ">
   <subfield code="a">English</subfield>
  </datafield>
  <datafield tag="650" ind1=" " ind2="4">
   <subfield code="a">Economics</subfield>
   <subfield code="v">Periodicals.</subfield>
  </datafield>
  <datafield tag="852" ind1=" " ind2=" ">
   <subfield code="a">INST</subfield>
   <subfield code="b">UNIPILB</subfield>
   <subfield code="c">SERIALS</subfield>
   <subfield code="e">20041220</subfield>
   <subfield code="h">Αλφαβητική σειρά</subfield>
   <subfield code="p">38527</subfield>
   <subfield code="q">38527</subfield>
   <subfield code="t">NOLOAN</subfield>
   <subfield code="v">vol.118;iss.1;no.472:(Μήνας)February;(Έτος)2003</subfield>
   <subfield code="y">23</subfield>
  </datafield>
  <datafield tag="852" ind1=" " ind2=" ">
   <subfield code="a">INST</subfield>
   <subfield code="b">UNIPILB</subfield>
   <subfield code="c">SERIALS</subfield>
   <subfield code="e">20041220</subfield>
   <subfield code="h">Αλφαβητική σειρά</subfield>
   <subfield code="p">38528</subfield>
   <subfield code="q">38528</subfield>
   <subfield code="t">NOLOAN</subfield>
   <subfield code="v">vol.118;iss.2;no.473:(Μήνας)May;(Έτος)2003</subfield>
   <subfield code="y">23</subfield>
  </datafield>
  <datafield tag="852" ind1=" " ind2=" ">
   <subfield code="a">INST</subfield>
   <subfield code="b">UNIPILB</subfield>
   <subfield code="c">SERIALS</subfield>
   <subfield code="e">20041220</subfield>
   <subfield code="h">Αλφαβητική σειρά</subfield>
   <subfield code="p">38530</subfield>
   <subfield code="q">38530</subfield>
   <subfield code="t">NOLOAN</subfield>
   <subfield code="v">vol.118;iss.3;no.474:(Μήνας)August;(Έτος)2003</subfield>
   <subfield code="y">23</subfield>
  </datafield>
  <datafield tag="852" ind1=" " ind2=" ">
   <subfield code="a">INST</subfield>
   <subfield code="b">UNIPILB</subfield>
   <subfield code="c">SERIALS</subfield>
   <subfield code="e">20041220</subfield>
   <subfield code="h">Αλφαβητική σειρά</subfield>
   <subfield code="p">38531</subfield>
   <subfield code="q">38531</subfield>
   <subfield code="t">NOLOAN</subfield>
   <subfield code="v">vol.118;iss.4;no.475:(Μήνας)November;(Έτος)2003</subfield>
   <subfield code="y">23</subfield>
  </datafield>
  <datafield tag="852" ind1=" " ind2=" ">
   <subfield code="a">INST</subfield>
   <subfield code="b">UNIPILB</subfield>
   <subfield code="c">SERIALS</subfield>
   <subfield code="e">20050118</subfield>
   <subfield code="h">Αλφαβητική σειρά</subfield>
   <subfield code="p">39022</subfield>
   <subfield code="q">39022</subfield>
   <subfield code="t">NOLOAN</subfield>
   <subfield code="v">vol.119;iss.1;no.476:(Μήνας)February;(Έτος)2004</subfield>
   <subfield code="y">23</subfield>
  </datafield>
  <datafield tag="852" ind1=" " ind2=" ">
   <subfield code="a">INST</subfield>
   <subfield code="b">UNIPILB</subfield>
   <subfield code="c">SERIALS</subfield>
   <subfield code="e">20050118</subfield>
   <subfield code="h">Αλφαβητική σειρά</subfield>
   <subfield code="p">39023</subfield>
   <subfield code="q">39023</subfield>
   <subfield code="t">NOLOAN</subfield>
   <subfield code="v">vol.119;iss.2;no.477:(Μήνας)May;(Έτος)2004</subfield>
   <subfield code="y">23</subfield>
  </datafield>
  <datafield tag="852" ind1=" " ind2=" ">
   <subfield code="a">INST</subfield>
   <subfield code="b">UNIPILB</subfield>
   <subfield code="c">SERIALS</subfield>
   <subfield code="e">20050118</subfield>
   <subfield code="h">Αλφαβητική σειρά</subfield>
   <subfield code="p">39024</subfield>
   <subfield code="q">39024</subfield>
   <subfield code="t">NOLOAN</subfield>
   <subfield code="v">vol.119;iss.3;no.478:(Μήνας)August;(Έτος)2004</subfield>
   <subfield code="y">23</subfield>
  </datafield>
  <datafield tag="852" ind1=" " ind2=" ">
   <subfield code="a">INST</subfield>
   <subfield code="b">UNIPILB</subfield>
   <subfield code="c">SERIALS</subfield>
   <subfield code="e">20050125</subfield>
   <subfield code="h">Αλφαβητική σειρά</subfield>
   <subfield code="p">39285</subfield>
   <subfield code="q">39285</subfield>
   <subfield code="t">NOLOAN</subfield>
   <subfield code="v">vol.119;iss.4;no.479:(Μήνας)November;(Έτος)2004</subfield>
   <subfield code="y">23</subfield>
  </datafield>
  <datafield tag="852" ind1=" " ind2=" ">
   <subfield code="a">INST</subfield>
   <subfield code="b">UNIPILB</subfield>
   <subfield code="c">SERIALS</subfield>
   <subfield code="e">20050311</subfield>
   <subfield code="h">Αλφαβητική σειρά</subfield>
   <subfield code="p">41104</subfield>
   <subfield code="q">41104</subfield>
   <subfield code="t">NOLOAN</subfield>
   <subfield code="v">vol.117;iss.2;no.469:(Μήνας)May;(Έτος)2002</subfield>
   <subfield code="y">23</subfield>
  </datafield>
  <datafield tag="852" ind1=" " ind2=" ">
   <subfield code="a">INST</subfield>
   <subfield code="b">UNIPILB</subfield>
   <subfield code="c">SERIALS</subfield>
   <subfield code="e">20050315</subfield>
   <subfield code="h">Αλφαβητική σειρά</subfield>
   <subfield code="p">41292</subfield>
   <subfield code="q">41292</subfield>
   <subfield code="t">NOLOAN</subfield>
   <subfield code="v">vol.117;iss.1;no.468:(Μήνας)February;(Έτος)2002</subfield>
   <subfield code="y">23</subfield>
  </datafield>
  <datafield tag="852" ind1=" " ind2=" ">
   <subfield code="a">INST</subfield>
   <subfield code="b">UNIPILB</subfield>
   <subfield code="c">SERIALS</subfield>
   <subfield code="e">20050315</subfield>
   <subfield code="h">Αλφαβητική σειρά</subfield>
   <subfield code="p">41293</subfield>
   <subfield code="q">41293</subfield>
   <subfield code="t">NOLOAN</subfield>
   <subfield code="v">vol.117;iss.3;no.470:(Μήνας)August;(Έτος)2002</subfield>
   <subfield code="y">23</subfield>
  </datafield>
  <datafield tag="852" ind1=" " ind2=" ">
   <subfield code="a">INST</subfield>
   <subfield code="b">UNIPILB</subfield>
   <subfield code="c">SERIALS</subfield>
   <subfield code="e">20050315</subfield>
   <subfield code="h">Αλφαβητική σειρά</subfield>
   <subfield code="p">41294</subfield>
   <subfield code="q">41294</subfield>
   <subfield code="t">NOLOAN</subfield>
   <subfield code="v">vol.117;iss.4;no.471:(Μήνας)November;(Έτος)2002</subfield>
   <subfield code="y">23</subfield>
  </datafield>
  <datafield tag="852" ind1=" " ind2=" ">
   <subfield code="a">INST</subfield>
   <subfield code="b">UNIPILB</subfield>
   <subfield code="c">SERIALS</subfield>
   <subfield code="e">20060518</subfield>
   <subfield code="h">Αλφαβητική σειρά</subfield>
   <subfield code="p">51536</subfield>
   <subfield code="q">51536</subfield>
   <subfield code="t">NOLOAN</subfield>
   <subfield code="v">vol.120;iss.4;no.483:(Μήνας)November;(Έτος)2005</subfield>
   <subfield code="y">23</subfield>
  </datafield>
  <datafield tag="852" ind1=" " ind2=" ">
   <subfield code="a">INST</subfield>
   <subfield code="b">UNIPILB</subfield>
   <subfield code="c">SERIALS</subfield>
   <subfield code="e">20061010</subfield>
   <subfield code="h">Αλφαβητική σειρά</subfield>
   <subfield code="p">53043</subfield>
   <subfield code="q">53043</subfield>
   <subfield code="t">NOLOAN</subfield>
   <subfield code="v">vol.121;iss.3;no.486:(Μήνας)August;(Έτος)2006</subfield>
   <subfield code="y">23</subfield>
  </datafield>
  <datafield tag="852" ind1=" " ind2=" ">
   <subfield code="a">INST</subfield>
   <subfield code="b">UNIPILB</subfield>
   <subfield code="c">SERIALS</subfield>
   <subfield code="e">20070907</subfield>
   <subfield code="h">Αλφαβητική σειρά</subfield>
   <subfield code="p">56801</subfield>
   <subfield code="q">56801</subfield>
   <subfield code="t">NOLOAN</subfield>
   <subfield code="v">vol.121;iss.1;no.484:(Μήνας)February;(Έτος)2006</subfield>
   <subfield code="y">23</subfield>
  </datafield>
  <datafield tag="852" ind1=" " ind2=" ">
   <subfield code="a">INST</subfield>
   <subfield code="b">UNIPILB</subfield>
   <subfield code="c">SERIALS</subfield>
   <subfield code="e">20070907</subfield>
   <subfield code="h">Αλφαβητική σειρά</subfield>
   <subfield code="p">56802</subfield>
   <subfield code="q">56802</subfield>
   <subfield code="t">NOLOAN</subfield>
   <subfield code="v">vol.121;iss.2;no.485:(Μήνας)May;(Έτος)2006</subfield>
   <subfield code="y">23</subfield>
  </datafield>
  <datafield tag="852" ind1=" " ind2=" ">
   <subfield code="a">INST</subfield>
   <subfield code="b">UNIPILB</subfield>
   <subfield code="c">SERIALS</subfield>
   <subfield code="e">20070907</subfield>
   <subfield code="h">Αλφαβητική σειρά</subfield>
   <subfield code="p">56803</subfield>
   <subfield code="q">56803</subfield>
   <subfield code="t">NOLOAN</subfield>
   <subfield code="v">vol.121;iss.4;no.487:(Μήνας)November;(Έτος)2006</subfield>
   <subfield code="y">23</subfield>
  </datafield>
  <datafield tag="852" ind1=" " ind2=" ">
   <subfield code="a">INST</subfield>
   <subfield code="b">UNIPILB</subfield>
   <subfield code="c">SERIALS</subfield>
   <subfield code="e">20070913</subfield>
   <subfield code="h">Αλφαβητική σειρά</subfield>
   <subfield code="p">57060</subfield>
   <subfield code="q">57060</subfield>
   <subfield code="t">NOLOAN</subfield>
   <subfield code="v">vol.122;iss.1;no.488:(Μήνας)February;(Έτος)2007</subfield>
   <subfield code="y">23</subfield>
  </datafield>
  <datafield tag="852" ind1=" " ind2=" ">
   <subfield code="a">INST</subfield>
   <subfield code="b">UNIPILB</subfield>
   <subfield code="c">SERIALS</subfield>
   <subfield code="e">20070913</subfield>
   <subfield code="h">Αλφαβητική σειρά</subfield>
   <subfield code="p">57061</subfield>
   <subfield code="q">57061</subfield>
   <subfield code="t">NOLOAN</subfield>
   <subfield code="v">vol.122;iss.2;no.489:(Μήνας)May;(Έτος)2007</subfield>
   <subfield code="y">23</subfield>
  </datafield>
  <datafield tag="852" ind1=" " ind2=" ">
   <subfield code="a">INST</subfield>
   <subfield code="b">UNIPILB</subfield>
   <subfield code="c">SERIALS</subfield>
   <subfield code="e">20070913</subfield>
   <subfield code="h">Αλφαβητική σειρά</subfield>
   <subfield code="p">57089</subfield>
   <subfield code="q">57089</subfield>
   <subfield code="t">NOLOAN</subfield>
   <subfield code="v">vol.120;iss.3;no.482:(Μήνας)August;(Έτος)2005</subfield>
   <subfield code="y">23</subfield>
  </datafield>
  <datafield tag="852" ind1=" " ind2=" ">
   <subfield code="a">INST</subfield>
   <subfield code="b">UNIPILB</subfield>
   <subfield code="c">SERIALS</subfield>
   <subfield code="e">20080204</subfield>
   <subfield code="h">Αλφαβητική σειρά</subfield>
   <subfield code="p">59565</subfield>
   <subfield code="q">59565</subfield>
   <subfield code="t">NOLOAN</subfield>
   <subfield code="v">vol.122;iss.4;no.491:(Μήνας)November;(Έτος)2007</subfield>
   <subfield code="y">23</subfield>
  </datafield>
  <datafield tag="852" ind1=" " ind2=" ">
   <subfield code="a">INST</subfield>
   <subfield code="b">UNIPILB</subfield>
   <subfield code="c">SERIALS</subfield>
   <subfield code="e">20091126</subfield>
   <subfield code="h">Αλφαβητική σειρά</subfield>
   <subfield code="p">65485</subfield>
   <subfield code="q">65485</subfield>
   <subfield code="t">NOLOAN</subfield>
   <subfield code="v">vol.124;iss.1;no.496:(Μήνας)February;(Έτος)2009</subfield>
   <subfield code="y">23</subfield>
  </datafield>
  <datafield tag="852" ind1=" " ind2=" ">
   <subfield code="a">INST</subfield>
   <subfield code="b">UNIPILB</subfield>
   <subfield code="c">SERIALS</subfield>
   <subfield code="e">20091126</subfield>
   <subfield code="h">Αλφαβητική σειρά</subfield>
   <subfield code="p">65486</subfield>
   <subfield code="q">65486</subfield>
   <subfield code="t">NOLOAN</subfield>
   <subfield code="v">vol.124;iss.2;no.497:(Μήνας)May;(Έτος)2009</subfield>
   <subfield code="y">23</subfield>
  </datafield>
  <datafield tag="852" ind1=" " ind2=" ">
   <subfield code="a">INST</subfield>
   <subfield code="b">UNIPILB</subfield>
   <subfield code="c">SERIALS</subfield>
   <subfield code="e">20091126</subfield>
   <subfield code="h">Αλφαβητική σειρά</subfield>
   <subfield code="p">65487</subfield>
   <subfield code="q">65487</subfield>
   <subfield code="t">NOLOAN</subfield>
   <subfield code="v">vol.124;iss.3;no.498:(Μήνας)August;(Έτος)2009</subfield>
   <subfield code="y">23</subfield>
  </datafield>
  <datafield tag="852" ind1=" " ind2=" ">
   <subfield code="a">INST</subfield>
   <subfield code="b">UNIPILB</subfield>
   <subfield code="c">SERIALS</subfield>
   <subfield code="e">20091211</subfield>
   <subfield code="h">Αλφαβητική σειρά</subfield>
   <subfield code="p">65817</subfield>
   <subfield code="q">65817</subfield>
   <subfield code="t">NOLOAN</subfield>
   <subfield code="v">vol.124;iss.4;no.499:(Μήνας)November;(Έτος)2009</subfield>
   <subfield code="y">23</subfield>
  </datafield>
  <datafield tag="852" ind1=" " ind2=" ">
   <subfield code="a">INST</subfield>
   <subfield code="b">UNIPILB</subfield>
   <subfield code="c">SERIALS</subfield>
   <subfield code="e">20100826</subfield>
   <subfield code="h">Αλφαβητική σειρά</subfield>
   <subfield code="p">69671</subfield>
   <subfield code="q">69671</subfield>
   <subfield code="t">NOLOAN</subfield>
   <subfield code="v">vol.125;iss.1;no.500:(Μήνας)February;(Έτος)2010</subfield>
   <subfield code="y">23</subfield>
  </datafield>
  <datafield tag="852" ind1=" " ind2=" ">
   <subfield code="a">INST</subfield>
   <subfield code="b">UNIPILB</subfield>
   <subfield code="c">SERIALS</subfield>
   <subfield code="e">20100826</subfield>
   <subfield code="h">Αλφαβητική σειρά</subfield>
   <subfield code="p">69672</subfield>
   <subfield code="q">69672</subfield>
   <subfield code="t">NOLOAN</subfield>
   <subfield code="v">vol.125;iss.2;no.501:(Μήνας)May;(Έτος)2010</subfield>
   <subfield code="y">23</subfield>
  </datafield>
  <datafield tag="852" ind1=" " ind2=" ">
   <subfield code="a">INST</subfield>
   <subfield code="b">UNIPILB</subfield>
   <subfield code="c">SERIALS</subfield>
   <subfield code="e">20101004</subfield>
   <subfield code="h">Αλφαβητική σειρά</subfield>
   <subfield code="p">69990</subfield>
   <subfield code="q">69990</subfield>
   <subfield code="t">NOLOAN</subfield>
   <subfield code="v">vol.125;iss.3;no.502:(Μήνας)August;(Έτος)2010</subfield>
   <subfield code="y">23</subfield>
  </datafield>
  <datafield tag="852" ind1=" " ind2=" ">
   <subfield code="a">INST</subfield>
   <subfield code="b">UNIPILB</subfield>
   <subfield code="c">SERIALS</subfield>
   <subfield code="e">20110126</subfield>
   <subfield code="h">Αλφαβητική σειρά</subfield>
   <subfield code="p">70963</subfield>
   <subfield code="q">70963</subfield>
   <subfield code="t">NOLOAN</subfield>
   <subfield code="v">vol.125;iss.4;no.503:(Μήνας)November;(Έτος)2010</subfield>
   <subfield code="y">23</subfield>
  </datafield>
  <datafield tag="852" ind1=" " ind2=" ">
   <subfield code="a">INST</subfield>
   <subfield code="b">UNIPILB</subfield>
   <subfield code="c">SERIALS</subfield>
   <subfield code="e">20120302</subfield>
   <subfield code="h">Αλφαβητική σειρά</subfield>
   <subfield code="p">74793</subfield>
   <subfield code="q">74793</subfield>
   <subfield code="t">NOLOAN</subfield>
   <subfield code="v">vol.LXXXII-LXXXIII;no.2-4:(Μήνες)May.-Nov.;(Έτη)1968-1969</subfield>
   <subfield code="y">23</subfield>
  </datafield>
  <datafield tag="852" ind1=" " ind2=" ">
   <subfield code="a">INST</subfield>
   <subfield code="b">UNIPILB</subfield>
   <subfield code="c">SERIALS</subfield>
   <subfield code="e">20120302</subfield>
   <subfield code="h">Αλφαβητική σειρά</subfield>
   <subfield code="p">74794</subfield>
   <subfield code="q">74794</subfield>
   <subfield code="t">NOLOAN</subfield>
   <subfield code="v">vol.LXXXIV;no.2:(Μήνας)May;(Έτος)1970</subfield>
   <subfield code="y">23</subfield>
  </datafield>
  <datafield tag="852" ind1=" " ind2=" ">
   <subfield code="a">INST</subfield>
   <subfield code="b">UNIPILB</subfield>
   <subfield code="c">SERIALS</subfield>
   <subfield code="e">20120524</subfield>
   <subfield code="h">Αλφαβητική σειρά</subfield>
   <subfield code="p">75568</subfield>
   <subfield code="q">75568</subfield>
   <subfield code="t">NOLOAN</subfield>
   <subfield code="v">vol.127;iss.2;no.509:(Μήνας)May;(Έτος)2012</subfield>
   <subfield code="y">23</subfield>
  </datafield>
  <datafield tag="852" ind1=" " ind2=" ">
   <subfield code="a">INST</subfield>
   <subfield code="b">UNIPILB</subfield>
   <subfield code="c">SERIALS</subfield>
   <subfield code="e">20120913</subfield>
   <subfield code="h">Αλφαβητική σειρά</subfield>
   <subfield code="p">76499</subfield>
   <subfield code="q">76499</subfield>
   <subfield code="t">NOLOAN</subfield>
   <subfield code="v">vol.127;iss.3;no.510:(Μήνας)August;(Έτος)2012</subfield>
   <subfield code="y">23</subfield>
  </datafield>
  <datafield tag="852" ind1=" " ind2=" ">
   <subfield code="a">INST</subfield>
   <subfield code="b">UNIPILB</subfield>
   <subfield code="c">SERIALS</subfield>
   <subfield code="e">20121109</subfield>
   <subfield code="h">Αλφαβητική σειρά</subfield>
   <subfield code="p">77091</subfield>
   <subfield code="q">77091</subfield>
   <subfield code="t">NOLOAN</subfield>
   <subfield code="v">vol.127;iss.1;no.508:(Μήνας)February;(Έτος)2012</subfield>
   <subfield code="y">23</subfield>
  </datafield>
  <datafield tag="852" ind1=" " ind2=" ">
   <subfield code="a">INST</subfield>
   <subfield code="b">UNIPILB</subfield>
   <subfield code="c">SERIALS</subfield>
   <subfield code="e">20130108</subfield>
   <subfield code="h">Αλφαβητική σειρά</subfield>
   <subfield code="p">77429</subfield>
   <subfield code="q">77429</subfield>
   <subfield code="t">NOLOAN</subfield>
   <subfield code="v">vol.127;iss.4;no.511:(Μήνας)November;(Έτος)2012</subfield>
   <subfield code="y">23</subfield>
  </datafield>
  <datafield tag="856" ind1="4" ind2="1">
   <subfield code="u">http://www.jstor.org/browse/00335533?frame=noframe&amp;userID=c3fbe32e@unipi.gr/01cce44035984a10798179252&amp;dpi=3&amp;config=jstor</subfield>
  </datafield>
  <datafield tag="900" ind1=" " ind2=" ">
   <subfield code="a">Vol. 128 issue 1; No. 512 (February 2013)</subfield>
   <subfield code="b">Οφειλόμενο</subfield>
   <subfield code="c">13/06/2017</subfield>
  </datafield>
  <datafield tag="900" ind1=" " ind2=" ">
   <subfield code="a">Vol. 120 issue 1; No. 480 (February 2005)</subfield>
   <subfield code="b">Οφειλόμενο</subfield>
   <subfield code="c">04/07/2006</subfield>
  </datafield>
  <datafield tag="900" ind1=" " ind2=" ">
   <subfield code="a">Vol. 120 issue 2; No. 481 (May 2005)</subfield>
   <subfield code="b">Οφειλόμενο</subfield>
   <subfield code="c">20/08/2006</subfield>
  </datafield>
  <datafield tag="900" ind1=" " ind2=" ">
   <subfield code="a">Vol. 122 issue 3; No. 490 (August 2007)</subfield>
   <subfield code="b">Οφειλόμενο</subfield>
   <subfield code="c">28/10/2008</subfield>
  </datafield>
  <datafield tag="900" ind1=" " ind2=" ">
   <subfield code="a">Vol. 123 issue 1; No. 492 (February 2008)</subfield>
   <subfield code="b">Οφειλόμενο</subfield>
   <subfield code="c">05/05/2009</subfield>
  </datafield>
  <datafield tag="900" ind1=" " ind2=" ">
   <subfield code="a">Vol. 123 issue 2; No. 493 (May 2008)</subfield>
   <subfield code="b">Οφειλόμενο</subfield>
   <subfield code="c">26/11/2009</subfield>
  </datafield>
  <datafield tag="900" ind1=" " ind2=" ">
   <subfield code="a">Vol. 123 issue 3; No. 494 (August 2008)</subfield>
   <subfield code="b">Οφειλόμενο</subfield>
   <subfield code="c">26/11/2009</subfield>
  </datafield>
  <datafield tag="900" ind1=" " ind2=" ">
   <subfield code="a">Vol. 123 issue 4; No. 495 (November 2008)</subfield>
   <subfield code="b">Οφειλόμενο</subfield>
   <subfield code="c">17/01/2010</subfield>
  </datafield>
  <datafield tag="900" ind1=" " ind2=" ">
   <subfield code="a">Vol. 126 issue 1; No. 504 (February 2011)</subfield>
   <subfield code="b">Οφειλόμενο</subfield>
   <subfield code="c">17/02/2012</subfield>
  </datafield>
  <datafield tag="900" ind1=" " ind2=" ">
   <subfield code="a">Vol. 126 issue 2; No. 505 (May 2011)</subfield>
   <subfield code="b">Οφειλόμενο</subfield>
   <subfield code="c">11/05/2012</subfield>
  </datafield>
  <datafield tag="900" ind1=" " ind2=" ">
   <subfield code="a">Vol. 126 issue 3; No. 506 (August 2011)</subfield>
   <subfield code="b">Οφειλόμενο</subfield>
   <subfield code="c">21/08/2012</subfield>
  </datafield>
  <datafield tag="900" ind1=" " ind2=" ">
   <subfield code="a">Vol. 126 issue 4; No. 507 (November 2011)</subfield>
   <subfield code="b">Οφειλόμενο</subfield>
   <subfield code="c">08/11/2012</subfield>
  </datafield>
  <datafield tag="950" ind1=" " ind2=" ">
   <subfield code="a">01/05/1968</subfield>
   <subfield code="c">ANACO Κ. ΑΝΑΓΝΩΣΤΟΥ Ε.Π.Ε., ΜΗΧΑΝΗΜΑΤΑ ΚΑΙ ΣΥΣΤΗΜΑΤΑ ΟΡΓΑΝΩΣΗΣ ΓΡΑΦΕΙΟΥ</subfield>
   <subfield code="d">136</subfield>
  </datafield>
  <datafield tag="951" ind1=" " ind2=" ">
   <subfield code="a">Vol.135 issue 2; (May 2020) ;Isuue3 (August 2020)</subfield>
   <subfield code="b">Main run</subfield>
  </datafield>
  <datafield tag="951" ind1=" " ind2=" ">
   <subfield code="a">Vol. LXXXIII, no. 4  (1969)</subfield>
   <subfield code="b">Main run</subfield>
  </datafield>
  <datafield tag="951" ind1=" " ind2=" ">
   <subfield code="a">Vol.XC, no.358(Feb.1976) -  (v.C, no.403(Nov. 1985)</subfield>
   <subfield code="b">Main run</subfield>
  </datafield>
  <datafield tag="951" ind1=" " ind2=" ">
   <subfield code="a">Vol.CVII, no.428(Feb.1981) -  (v.CXIV, no.459(Dec. 1999)</subfield>
   <subfield code="b">Main run</subfield>
  </datafield>
  <datafield tag="951" ind1=" " ind2=" ">
   <subfield code="a">(Vol. LXXXII no. 2(May 1968)</subfield>
   <subfield code="b">Main run</subfield>
  </datafield>
  <datafield tag="951" ind1=" " ind2=" ">
   <subfield code="a">(Vol. LXXXIV no. 2(May 1970)</subfield>
   <subfield code="b">Main run</subfield>
  </datafield>
  <datafield tag="951" ind1=" " ind2=" ">
   <subfield code="a">Vol.117 issue 1; No.468  (February 2002)</subfield>
   <subfield code="b">Main run</subfield>
  </datafield>
  <datafield tag="951" ind1=" " ind2=" ">
   <subfield code="a">Vol.117 issue 2; No.469  (May 2002)</subfield>
   <subfield code="b">Main run</subfield>
  </datafield>
  <datafield tag="951" ind1=" " ind2=" ">
   <subfield code="a">Vol.117 issue 3; No.470  (August 2002)</subfield>
   <subfield code="b">Main run</subfield>
  </datafield>
  <datafield tag="951" ind1=" " ind2=" ">
   <subfield code="a">Vol.117 issue 4; No.471  (November 2002)</subfield>
   <subfield code="b">Main run</subfield>
  </datafield>
  <datafield tag="951" ind1=" " ind2=" ">
   <subfield code="a">Vol. 118 issue 1; No. 472 (February 2003) - Vol. 118 issue 4; No. 475 (November 2003)</subfield>
   <subfield code="b">Main run</subfield>
  </datafield>
  <datafield tag="951" ind1=" " ind2=" ">
   <subfield code="a">Vol. 119 issue 1; No. 476 (February 2004) - Vol. 119 issue 4; No. 479 (November 2004)</subfield>
   <subfield code="b">Main run</subfield>
  </datafield>
  <datafield tag="951" ind1=" " ind2=" ">
   <subfield code="a">Vol. 120 issue 3; No. 482 (August 2005) - Vol. 120 issue 4; No. 483 (November 2005)</subfield>
   <subfield code="b">Main run</subfield>
  </datafield>
  <datafield tag="951" ind1=" " ind2=" ">
   <subfield code="a">Vol. 121 issue 1; No. 484 (February 2006) - Vol. 121 issue 4; No. 487 (November 2006)</subfield>
   <subfield code="b">Main run</subfield>
  </datafield>
  <datafield tag="951" ind1=" " ind2=" ">
   <subfield code="a">Vol. 122 issue 1; No. 488 (February 2007) - Vol. 122 issue 2; No. 489 (May 2007)</subfield>
   <subfield code="b">Main run</subfield>
  </datafield>
  <datafield tag="951" ind1=" " ind2=" ">
   <subfield code="a">Vol. 122 issue 4; No. 491 (November 2007)</subfield>
   <subfield code="b">Main run</subfield>
  </datafield>
  <datafield tag="951" ind1=" " ind2=" ">
   <subfield code="a">Vol. 124 issue 1; No. 496 (February 2009) - Vol. 124 issue 4; No. 499 (November 2009)</subfield>
   <subfield code="b">Main run</subfield>
  </datafield>
  <datafield tag="951" ind1=" " ind2=" ">
   <subfield code="a">Vol. 125 issue 1; No. 500 (February 2010) - Vol. 125 issue 4; No. 503 (November 2010)</subfield>
   <subfield code="b">Main run</subfield>
  </datafield>
  <datafield tag="951" ind1=" " ind2=" ">
   <subfield code="a">Vol. 127 issue 1; No. 508 (February 2012) - Vol. 127 issue 4; No. 511 (November 2012)</subfield>
   <subfield code="b">Main run</subfield>
  </datafield>
  <datafield tag="952" ind1=" " ind2=" ">
   <subfield code="a">XCIII(372, 373)1979, XCIV(378)1980, 1997</subfield>
  </datafield>
 </record>
</collection>
